{"text_format":"3","workbook":"xlsx","n_sheets":6,"sheets":["C.2.1 最高投标限价扉页","E.1.1 工程项目清单汇总表","E.2.1 分部分项工程项目清单计价表","E.3.1 措施项目清单计价表","E.4.1 其他项目清单计价表","E.5.1 增值税计价表"],"read":"whole","date_system":"1900"}

{"sheet":"C.2.1 最高投标限价扉页","index":0,"n_rows":14,"n_cols":11,"rows_kept":14,"merged":[[0,0,1,4],[0,5,1,14],[2,0,2,4],[2,5,2,14],[3,2,3,15],[4,2,4,5],[4,6,4,12],[4,13,4,15],[5,4,5,5],[5,6,5,12],[5,13,5,15],[6,2,6,5],[6,6,6,9],[6,10,6,15],[7,2,7,5],[7,6,7,9],[7,10,7,15],[8,2,8,5],[8,6,8,9],[8,10,8,15],[9,2,9,7],[9,8,9,9],[9,10,9,15],[10,4,10,5],[10,6,10,10],[10,11,10,12],[10,13,10,15],[11,2,11,5],[11,6,11,9],[11,10,11,15],[12,2,12,7],[12,8,12,9],[12,10,12,15],[13,2,13,5],[13,6,13,10],[13,11,13,12],[13,13,13,15]]}
["工程名称：",{"$nulls":4},"松山湖材料实验室新材料研究中心新园区B1栋装修改造(第一批)项目"]
[]
["标段名称：",{"$nulls":4},"松山湖材料实验室新材料研究中心新园区B1栋装修改造(第一批)项目"]
[null,null,"最 高 投 标 限 价"]
[null,null,"最高投标限价（小写）：",{"$nulls":3},"471803.69"]
[{"$nulls":4},"（大写）：",null,"肆拾柒万壹仟捌佰零叁元陆角玖分"]
[null,null,"编   制   人：",{"$nulls":7},"(造价专业人员签字及盖章)"]
[null,null,"审   核   人：",{"$nulls":7},"(签字及盖章)"]
[null,null,"编 制 单 位：",{"$nulls":7},"(盖章)"]
[null,null,"法定代表人或其授权人：",{"$nulls":7},"(签字或盖章)"]
[]
[null,null,"招   标   人：",{"$nulls":7},"(盖章)"]
[null,null,"法定代表人或其授权人：",{"$nulls":7},"(签字或盖章)"]
[null,null,"编 制 时 间："]

{"sheet":"E.1.1 工程项目清单汇总表","index":1,"n_rows":41,"n_cols":4,"rows_kept":41,"merged":[[0,0,0,3],[1,0,1,1],[2,1,2,2],[3,1,3,2],[4,1,4,2],[5,1,5,2],[6,1,6,2],[7,1,7,2],[8,1,8,2],[9,1,9,2],[10,1,10,2],[11,1,11,2],[12,1,12,2],[13,1,13,2],[14,1,14,2],[15,1,15,2],[16,1,16,2],[17,1,17,2],[18,1,18,2],[19,1,19,2],[20,1,20,2],[21,1,21,2],[22,1,22,2],[23,1,23,2],[24,1,24,2],[25,1,25,2],[26,1,26,2],[27,1,27,2],[28,1,28,2],[29,1,29,2],[30,1,30,2],[31,1,31,2],[32,1,32,2],[33,1,33,2],[34,1,34,2],[35,1,35,2],[36,1,36,2],[37,1,37,2],[38,1,38,2],[39,1,39,2],[40,0,40,3]]}
["工程项目清单汇总表"]
["工程名称：松山湖材料实验室新材料研究中心新园区B1栋装修改造(第一批)项目",null,"标段：松山湖材料实验室新材料研究中心新园区B1栋装修改造(第一批)项目","第 1 页  共 1 页 "]
["序号","项 目 内 容",null,"金 额\n（元）"]
["1","  分部分项工程费",null,387709.09]
["1.1","  松山湖材料实验室新材料研究中心新园区B1栋装修改造(第一批)项目",null,387709.09]
["1.1.1","  松山湖材料实验室新材料研究中心新园区B1栋装修改造(第一批)项目-装饰工程",null,304085.89]
["1.1.2","  松山湖材料实验室新材料研究中心新园区B1栋装修改造(第一批)项目-安装工程",null,83623.2]
["2","  措施项目费",null,45138.33]
["2.1","  其中：安全生产措施费",null,16247.35]
["3","  其他项目费"]
["3.1","  其中：暂列金额"]
["3.2","  其中：专业工程暂估价"]
["3.3","  其中：计日工"]
["3.4","  其中：总承包服务费"]
["3.5","  其中：合同中约定的其他项目"]
["4","  税前工程造价",null,432847.42]
["5","  增值税",null,38956.27]
["6","  合   计",null,471803.69]
{"$rows_empty":22}
["注：1 专业工程暂估价为已含税价格，在计算增值税计算基础时不应包含专业工程暂估价金额；\n2 本表宜用于按合同标的为工程量清单编制对象的工程汇总计算，以单项工程、单位工程等为工程量清单编制对象的工程可按本表汇总计算；"]

{"sheet":"E.2.1 分部分项工程项目清单计价表","index":2,"n_rows":233,"n_cols":10,"rows_kept":233,"merged":[[0,0,0,9],[1,0,1,2],[1,3,1,6],[1,7,1,9],[2,0,3,0],[2,1,3,1],[2,2,3,3],[2,4,3,4],[2,5,3,5],[2,6,3,7],[2,8,2,9],[4,2,4,3],[4,6,4,7],[5,2,5,3],[5,6,5,7],[6,2,6,3],[6,6,6,7],[7,2,7,3],[7,6,7,7],[8,2,8,3],[8,6,8,7],[9,2,9,3],[9,6,9,7],[10,2,10,3],[10,6,10,7],[11,2,11,3],[11,6,11,7],[12,2,12,3],[12,6,12,7],[13,2,13,3],[13,6,13,7],[14,2,14,3],[14,6,14,7],[15,2,15,3],[15,6,15,7],[16,2,16,3],[16,6,16,7],[17,2,17,3],[17,6,17,7],[18,0,18,8],[19,0,19,9],[20,0,20,2],[20,3,20,6],[20,7,20,9],[21,0,22,0],[21,1,22,1],[21,2,22,3],[21,4,22,4],[21,5,22,5],[21,6,22,7],[21,8,21,9],[23,2,23,3],[23,6,23,7],[24,2,24,3],[24,6,24,7],[25,2,25,3],[25,6,25,7],[26,2,26,3],[26,6,26,7],[27,2,27,3],[27,6,27,7],[28,2,28,3],[28,6,28,7],[29,2,29,3],[29,6,29,7],[30,2,30,3],[30,6,30,7],[31,0,31,8],[32,0,32,9],[33,0,33,2],[33,3,33,6],[33,7,33,9],[34,0,35,0],[34,1,35,1],[34,2,35,3],[34,4,35,4],[34,5,35,5],[34,6,35,7],[34,8,34,9],[36,2,36,3],[36,6,36,7],[37,2,37,3],[37,6,37,7],[38,2,38,3],[38,6,38,7],[39,2,39,3],[39,6,39,7],[40,2,40,3],[40,6,40,7],[41,2,41,3],[41,6,41,7],[42,0,42,8],[43,0,43,9],[44,0,44,2],[44,3,44,6],[44,7,44,9],[45,0,46,0],[45,1,46,1],[45,2,46,3],[45,4,46,4],[45,5,46,5],[45,6,46,7],[45,8,45,9],[47,2,47,3],[47,6,47,7],[48,2,48,3],[48,6,48,7],[49,2,49,3],[49,6,49,7],[50,2,50,3],[50,6,50,7],[51,2,51,3],[51,6,51,7],[52,2,52,3],[52,6,52,7],[53,2,53,3],[53,6,53,7],[54,2,54,3],[54,6,54,7],[55,2,55,3],[55,6,55,7],[56,2,56,3],[56,6,56,7],[57,2,57,3],[57,6,57,7],[58,2,58,3],[58,6,58,7],[59,2,59,3],[59,6,59,7],[60,0,60,8],[61,0,61,9],[62,0,62,2],[62,3,62,6],[62,7,62,9],[63,0,64,0],[63,1,64,1],[63,2,64,3],[63,4,64,4],[63,5,64,5],[63,6,64,7],[63,8,63,9],[65,2,65,3],[65,6,65,7],[66,2,66,3],[66,6,66,7],[67,2,67,3],[67,6,67,7],[68,2,68,3],[68,6,68,7],[69,2,69,3],[69,6,69,7],[70,2,70,3],[70,6,70,7],[71,2,71,3],[71,6,71,7],[72,2,72,3],[72,6,72,7],[73,2,73,3],[73,6,73,7],[74,2,74,3],[74,6,74,7],[75,0,75,8],[76,0,76,9],[77,0,77,2],[77,3,77,6],[77,7,77,9],[78,0,79,0],[78,1,79,1],[78,2,79,3],[78,4,79,4],[78,5,79,5],[78,6,79,7],[78,8,78,9],[80,2,80,3],[80,6,80,7],[81,2,81,3],[81,6,81,7],[82,2,82,3],[82,6,82,7],[83,2,83,3],[83,6,83,7],[84,2,84,3],[84,6,84,7],[85,0,85,8],[86,0,86,9],[87,0,87,2],[87,3,87,6],[87,7,87,9],[88,0,89,0],[88,1,89,1],[88,2,89,3],[88,4,89,4],[88,5,89,5],[88,6,89,7],[88,8,88,9],[90,2,90,3],[90,6,90,7],[91,2,91,3],[91,6,91,7],[92,2,92,3],[92,6,92,7],[93,2,93,3],[93,6,93,7],[94,2,94,3],[94,6,94,7],[95,2,95,3],[95,6,95,7],[96,2,96,3],[96,6,96,7],[97,0,97,8],[98,0,98,9],[99,0,99,2],[99,3,99,6],[99,7,99,9],[100,0,101,0],[100,1,101,1],[100,2,101,3],[100,4,101,4],[100,5,101,5],[100,6,101,7],[100,8,100,9],[102,2,102,3],[102,6,102,7],[103,2,103,3],[103,6,103,7],[104,2,104,3],[104,6,104,7],[105,2,105,3],[105,6,105,7],[106,2,106,3],[106,6,106,7],[107,2,107,3],[107,6,107,7],[108,2,108,3],[108,6,108,7],[109,2,109,3],[109,6,109,7],[110,2,110,3],[110,6,110,7],[111,2,111,3],[111,6,111,7],[112,2,112,3],[112,6,112,7],[113,2,113,3],[113,6,113,7],[114,0,114,8],[115,0,115,9],[116,0,116,2],[116,3,116,6],[116,7,116,9],[117,0,118,0],[117,1,118,1],[117,2,118,3],[117,4,118,4],[117,5,118,5],[117,6,118,7],[117,8,117,9],[119,2,119,3],[119,6,119,7],[120,2,120,3],[120,6,120,7],[121,2,121,3],[121,6,121,7],[122,2,122,3],[122,6,122,7],[123,2,123,3],[123,6,123,7],[124,2,124,3],[124,6,124,7],[125,2,125,3],[125,6,125,7],[126,2,126,3],[126,6,126,7],[127,2,127,3],[127,6,127,7],[128,0,128,8],[129,0,129,9],[130,0,130,2],[130,3,130,6],[130,7,130,9],[131,0,132,0],[131,1,132,1],[131,2,132,3],[131,4,132,4],[131,5,132,5],[131,6,132,7],[131,8,131,9],[133,2,133,3],[133,6,133,7],[134,2,134,3],[134,6,134,7],[135,2,135,3],[135,6,135,7],[136,2,136,3],[136,6,136,7],[137,2,137,3],[137,6,137,7],[138,2,138,3],[138,6,138,7],[139,2,139,3],[139,6,139,7],[140,2,140,3],[140,6,140,7],[141,2,141,3],[141,6,141,7],[142,2,142,3],[142,6,142,7],[143,0,143,8],[144,0,144,9],[145,0,145,2],[145,3,145,6],[145,7,145,9],[146,0,147,0],[146,1,147,1],[146,2,147,3],[146,4,147,4],[146,5,147,5],[146,6,147,7],[146,8,146,9],[148,2,148,3],[148,6,148,7],[149,2,149,3],[149,6,149,7],[150,2,150,3],[150,6,150,7],[151,2,151,3],[151,6,151,7],[152,2,152,3],[152,6,152,7],[153,2,153,3],[153,6,153,7],[154,2,154,3],[154,6,154,7],[155,2,155,3],[155,6,155,7],[156,2,156,3],[156,6,156,7],[157,0,157,8],[158,0,158,9],[159,0,159,2],[159,3,159,6],[159,7,159,9],[160,0,161,0],[160,1,161,1],[160,2,161,3],[160,4,161,4],[160,5,161,5],[160,6,161,7],[160,8,160,9],[162,2,162,3],[162,6,162,7],[163,2,163,3],[163,6,163,7],[164,2,164,3],[164,6,164,7],[165,2,165,3],[165,6,165,7],[166,2,166,3],[166,6,166,7],[167,2,167,3],[167,6,167,7],[168,2,168,3],[168,6,168,7],[169,2,169,3],[169,6,169,7],[170,2,170,3],[170,6,170,7],[171,2,171,3],[171,6,171,7],[172,2,172,3],[172,6,172,7],[173,2,173,3],[173,6,173,7],[174,2,174,3],[174,6,174,7],[175,2,175,3],[175,6,175,7],[176,2,176,3],[176,6,176,7],[177,2,177,3],[177,6,177,7],[178,0,178,8],[179,0,179,9],[180,0,180,2],[180,3,180,6],[180,7,180,9],[181,0,182,0],[181,1,182,1],[181,2,182,3],[181,4,182,4],[181,5,182,5],[181,6,182,7],[181,8,181,9],[183,2,183,3],[183,6,183,7],[184,2,184,3],[184,6,184,7],[185,2,185,3],[185,6,185,7],[186,2,186,3],[186,6,186,7],[187,2,187,3],[187,6,187,7],[188,0,188,8],[189,0,189,9],[190,0,190,2],[190,3,190,6],[190,7,190,9],[191,0,192,0],[191,1,192,1],[191,2,192,3],[191,4,192,4],[191,5,192,5],[191,6,192,7],[191,8,191,9],[193,2,193,3],[193,6,193,7],[194,2,194,3],[194,6,194,7],[195,2,195,3],[195,6,195,7],[196,2,196,3],[196,6,196,7],[197,2,197,3],[197,6,197,7],[198,2,198,3],[198,6,198,7],[199,2,199,3],[199,6,199,7],[200,2,200,3],[200,6,200,7],[201,0,201,8],[202,0,202,9],[203,0,203,2],[203,3,203,6],[203,7,203,9],[204,0,205,0],[204,1,205,1],[204,2,205,3],[204,4,205,4],[204,5,205,5],[204,6,205,7],[204,8,204,9],[206,2,206,3],[206,6,206,7],[207,2,207,3],[207,6,207,7],[208,2,208,3],[208,6,208,7],[209,2,209,3],[209,6,209,7],[210,2,210,3],[210,6,210,7],[211,2,211,3],[211,6,211,7],[212,2,212,3],[212,6,212,7],[213,2,213,3],[213,6,213,7],[214,2,214,3],[214,6,214,7],[215,0,215,8],[216,0,216,9],[217,0,217,2],[217,3,217,6],[217,7,217,9],[218,0,219,0],[218,1,219,1],[218,2,219,3],[218,4,219,4],[218,5,219,5],[218,6,219,7],[218,8,218,9],[220,2,220,3],[220,6,220,7],[221,2,221,3],[221,6,221,7],[222,2,222,3],[222,6,222,7],[223,2,223,3],[223,6,223,7],[224,2,224,3],[224,6,224,7],[225,2,225,3],[225,6,225,7],[226,2,226,3],[226,6,226,7],[227,2,227,3],[227,6,227,7],[228,2,228,3],[228,6,228,7],[229,0,229,8],[230,0,230,9],[231,0,231,2],[231,3,231,6],[231,7,231,9],[232,0,232,8]]}
["分部分项工程项目清单计价表"]
["工程名称：松山湖材料实验室新材料研究中心新园区B1栋装修改造(第一批)项目",null,null,"标段：松山湖材料实验室新材料研究中心新园区B1栋装修改造(第一批)项目",{"$nulls":3},"第 1 页  共 17 页"]
["序号","项目编码","项目名称",null,"项目特征描述","计量\n单位","工程量",null,"金额（元）"]
[{"$nulls":8},"综合单价","合价"]
[null,null,"松山湖材料实验室新材料研究中心新园区B1栋装修改造(第一批)项目",{"$nulls":6},387709.09]
[null,null,"松山湖材料实验室新材料研究中心新园区B1栋装修改造(第一批)项目-装饰工程",{"$nulls":6},304085.89]
[null,null,"整个项目",{"$nulls":6},304085.89]
[null,null,"三层",{"$nulls":6},158681.83]
[null,null,"拆除工程",{"$nulls":6},8878.79]
[1,"010801001002","拆除木质门",null,"1.拆除木质门\n2.废料外运","m2",3.6,null,7.32,26.35]
[2,"010807001001","拆除玻璃外窗",null,"1.拆除玻璃窗\n2.废料外运","m2",10.8,null,15.96,172.37]
[3,"011608001002","铲除油漆面",null,"1.墙体清理,铲除原腻子层\n2.废料外运","m2",1031.84,null,4.98,5138.56]
[4,"011606003003","天棚面龙骨及饰面拆除",null,"1.拆除吊顶石膏板、龙骨\n2.废料外运","m2",171.36,null,15.08,2584.11]
[5,"011606003004","天棚面龙骨及饰面拆除",null,"1.拆除吊顶石膏板（龙骨保留）\n2.废料外运","m2",34.37,null,10.05,345.42]
[6,"011613002002","玻璃拆除",null,"1.拆除玻璃隔断、玻璃门（整体框架保留）\n2.废料外运","m2",51.6,null,11.86,611.98]
[null,null,"门窗工程",{"$nulls":6},23730.69]
[7,"010801001003","木质门",null,"1.成品木门配木质门套，配置密码锁","m2",15.6,null,780.18,12170.81]
[8,"010802001001","金属(塑钢)门",null,"1.铝合金玻璃门（企口合页密闭门）\n2.6low-E+15A+6钢化中空玻璃","m2",15.9,null,572.74,9106.57]
["本页小计",{"$nulls":8},30156.17]
["分部分项工程项目清单计价表"]
["工程名称：松山湖材料实验室新材料研究中心新园区B1栋装修改造(第一批)项目",null,null,"标段：松山湖材料实验室新材料研究中心新园区B1栋装修改造(第一批)项目",{"$nulls":3},"第 2 页  共 17 页"]
["序号","项目编码","项目名称",null,"项目特征描述","计量\n单位","工程量",null,"金额（元）"]
[{"$nulls":8},"综合单价","合价"]
[9,"010807001002","金属(塑钢)窗",null,"1.铝合金玻璃窗\n2.钢化中空玻璃:6+12A+6low-E","m2",2.7,null,605.8,1635.66]
[10,"010808001001","木门窗套",null,"1.木垭口\n2.详 建施-11/4","m2",4.16,null,196.55,817.65]
[null,null,"楼面工程",{"$nulls":6},4490.91]
[11,"011102001001","石材楼地面",null,"1.20厚花岗岩过门石\n2.20厚M15水泥砂浆结合层","m2",0.9,null,263.09,236.78]
[12,"011105003001","块料踢脚线",null,"1.8-10厚通体砖，DTG砂浆勾缝\n2.5厚DTA砂浆粘贴\n3.10厚DPM15砂浆(1:3水泥砂浆)打底并划出纹道\n4.界面剂1道\n5.满贴涂塑中碱玻璃纤维网格布一层，用石膏粘结剂横向粘贴","m2",3.42,null,169.16,578.53]
[13,"011102003001","块料楼地面",null,"1.修补破损地砖地面采用与原地砖同色地砖","m2",20,null,183.78,3675.6]
[null,null,"墙面工程",{"$nulls":6},77215.93]
[14,"011207001002","石膏板隔墙",null,"1.轻钢龙骨双层双面石膏板\n2.填75厚隔音岩棉\n3.规格:2*12mm+75mm（岩棉）+2*12mm","m2",78.94,null,165.62,13074.04]
["本页小计",{"$nulls":8},20018.26]
["分部分项工程项目清单计价表"]
["工程名称：松山湖材料实验室新材料研究中心新园区B1栋装修改造(第一批)项目",null,null,"标段：松山湖材料实验室新材料研究中心新园区B1栋装修改造(第一批)项目",{"$nulls":3},"第 3 页  共 17 页"]
["序号","项目编码","项目名称",null,"项目特征描述","计量\n单位","工程量",null,"金额（元）"]
[{"$nulls":8},"综合单价","合价"]
[15,"011207002002","玻璃隔断",null,"1.100系列铝合金框氟碳喷涂\n2.6+30A+6钢化中空玻璃，内置铝合金白页（手动）","m2",43.85,null,492.76,21607.53]
[16,"011403001003","抹灰面油漆",null,"1.涂饰第二遍面层涂料\n2.涂饰第一遍面层涂料\n3.涂饰底层涂料\n4.参23J909 内涂1","m2",1120.8,null,20.39,22853.11]
[17,"011403003003","刮腻子",null,"1.3厚附水腻子分遍找平\n2.3厚底基防裂腻子分遍找平\n3.板缝处贴50宽涂塑中碱玻璃纤维网格布一层\n4.参23J909 内4F","m2",1120.8,null,17.56,19681.25]
[null,null,"天棚工程",{"$nulls":6},38576.72]
[18,"011302001003","吊顶天棚（新做吊顶）",null,"1.吊杆\n2.配套轻钢龙骨\n3.双层10mm防潮纸面石膏板；18厚细木工板\n4.按投影面积计算（灯槽、窗帘盒等不另计）\n5.参23J909 棚29","m2",166.84,null,132.54,22112.97]
[19,"011302001004","吊顶天棚（顶棚与大空间相接范围）",null,"1.双层10mm防潮石膏板吊顶","m2",34.37,null,61.95,2129.22]
["本页小计",{"$nulls":8},88384.08]
["分部分项工程项目清单计价表"]
["工程名称：松山湖材料实验室新材料研究中心新园区B1栋装修改造(第一批)项目",null,null,"标段：松山湖材料实验室新材料研究中心新园区B1栋装修改造(第一批)项目",{"$nulls":3},"第 4 页  共 17 页"]
["序号","项目编码","项目名称",null,"项目特征描述","计量\n单位","工程量",null,"金额（元）"]
[{"$nulls":8},"综合单价","合价"]
[20,"011403001004","天棚油漆（新做吊顶）",null,"1.涂饰第二遍面层涂料\n2.涂饰第一遍面层涂料\n3.涂饰底层涂料\n4.参23J909 内涂1","m2",260.77,null,23.66,6169.82]
[21,"011403003004","刮腻子（新做吊顶）",null,"1.刷防潮涂料2道，横纵向各刷1道\n2.2厚耐水腻子找平,面板接缝处贴嵌缝,刮腻子抹平\n3.参23J909 棚29","m2",260.77,null,31.31,8164.71]
[null,null,"其他工程",{"$nulls":6},5788.79]
[22,"011601001003","砖砌体拆除",null,"1.200mm厚砌体墙开门洞\n2.废料外运","m2",7.2,null,106.87,769.46]
[23,"010607003001","钢过梁",null,"1.名称:镀锌方钢\n2.规格:100*100*6","t",0.1,null,6855.89,685.59]
[24,"011601001004","脚手架",null,"1.墙柱面活动脚手架","m2",1270.67,null,2.47,3138.55]
[25,"011601001005","脚手架",null,"1.天棚活动脚手架","m2",201.21,null,5.94,1195.19]
[null,null,"四层",{"$nulls":6},145404.06]
[null,null,"拆除工程",{"$nulls":6},8496.23]
[26,"010801001004","拆除木质门",null,"1.拆除木质门\n2.废料外运","m2",2.4,null,7.32,17.57]
[27,"010807001003","拆除玻璃外窗",null,"1.拆除玻璃窗\n2.废料外运","m2",10.8,null,15.96,172.37]
[28,"011608001003","铲除油漆面",null,"1.墙体清理,铲除原腻子层\n2.废料外运","m2",428.54,null,4.98,2134.13]
[29,"011609002001","隔断隔墙拆除",null,"1.拆除隔墙\n2.废料外运","m2",62.1,null,32.95,2046.2]
["本页小计",{"$nulls":8},24493.59]
["分部分项工程项目清单计价表"]
["工程名称：松山湖材料实验室新材料研究中心新园区B1栋装修改造(第一批)项目",null,null,"标段：松山湖材料实验室新材料研究中心新园区B1栋装修改造(第一批)项目",{"$nulls":3},"第 5 页  共 17 页"]
["序号","项目编码","项目名称",null,"项目特征描述","计量\n单位","工程量",null,"金额（元）"]
[{"$nulls":8},"综合单价","合价"]
[30,"011606003005","天棚面龙骨及饰面拆除",null,"1.拆除吊顶石膏板、龙骨\n2.废料外运","m2",268.07,null,15.08,4042.5]
[31,"011608001004","铲除油漆面",null,"1.拆除楼梯间污损顶棚油漆\n2.废料外运","m2",16.76,null,4.98,83.46]
[null,null,"门窗工程",{"$nulls":6},14064.49]
[32,"010801001005","木质门",null,"1.成品木门配木质门套，配置密码锁","m2",9.6,null,780.18,7489.73]
[33,"010802001002","金属(塑钢)门",null,"1.铝合金玻璃门（企口合页密闭门）\n2.6low-E+15A+6钢化中空玻璃","m2",10.8,null,572.74,6185.59]
[34,"010808001002","木门窗套",null,"1.木垭口\n2.详 建施-11/4","m2",1.98,null,196.55,389.17]
[null,null,"楼面工程",{"$nulls":6},1693.82]
[35,"011102001002","石材楼地面",null,"1.20厚花岗岩过门石\n2.20厚M15水泥砂浆结合层","m2",0.6,null,263.09,157.85]
[36,"011105003002","块料踢脚线",null,"1.8-10厚通体砖，DTG砂浆勾缝\n2.5厚DTA砂浆粘贴\n3.10厚DPM15砂浆(1:3水泥砂浆)打底并划出纹道\n4.界面剂1道\n5.满贴涂塑中碱玻璃纤维网格布一层，用石膏粘结剂横向粘贴","m2",9.08,null,169.16,1535.97]
[null,null,"墙面工程",{"$nulls":6},59432.34]
["本页小计",{"$nulls":8},19884.27]
["分部分项工程项目清单计价表"]
["工程名称：松山湖材料实验室新材料研究中心新园区B1栋装修改造(第一批)项目",null,null,"标段：松山湖材料实验室新材料研究中心新园区B1栋装修改造(第一批)项目",{"$nulls":3},"第 6 页  共 17 页"]
["序号","项目编码","项目名称",null,"项目特征描述","计量\n单位","工程量",null,"金额（元）"]
[{"$nulls":8},"综合单价","合价"]
[37,"011207001003","石膏板隔墙",null,"1.轻钢龙骨双层双面石膏板\n2.填75厚隔音岩棉\n3.规格:2*12mm+75mm（岩棉）+2*12mm","m2",204.44,null,165.62,33859.35]
[38,"011403001005","抹灰面油漆",null,"1.涂饰第二遍面层涂料\n2.涂饰第一遍面层涂料\n3.涂饰底层涂料\n4.参23J909 内涂1","m2",673.86,null,20.39,13740.01]
[39,"011403003005","刮腻子",null,"1.3厚附水腻子分遍找平\n2.3厚底基防裂腻子分遍找平\n3.板缝处贴50宽涂塑中碱玻璃纤维网格布一层\n4.参23J909 内4F","m2",673.86,null,17.56,11832.98]
[null,null,"天棚工程",{"$nulls":6},57483.1]
[40,"011302001005","吊顶天棚（新做吊顶）",null,"1.吊杆\n2.配套轻钢龙骨\n3.双层10mm防潮纸面石膏板；18厚细木工板\n4.按投影面积计算（灯槽、窗帘盒等不另计）\n5.参23J909 棚29","m2",265.61,null,134.83,35812.2]
["本页小计",{"$nulls":8},95244.54]
["分部分项工程项目清单计价表"]
["工程名称：松山湖材料实验室新材料研究中心新园区B1栋装修改造(第一批)项目",null,null,"标段：松山湖材料实验室新材料研究中心新园区B1栋装修改造(第一批)项目",{"$nulls":3},"第 7 页  共 17 页"]
["序号","项目编码","项目名称",null,"项目特征描述","计量\n单位","工程量",null,"金额（元）"]
[{"$nulls":8},"综合单价","合价"]
[41,"011403001006","天棚油漆（新做吊顶）",null,"1.涂饰第二遍面层涂料\n2.涂饰第一遍面层涂料\n3.涂饰底层涂料\n4.参23J909 内涂1","m2",370.25,null,23.66,8760.12]
[42,"011403003006","刮腻子（新做吊顶）",null,"1.刷防潮涂料2道，横纵向各刷1道\n2.2厚耐水腻子找平,面板接缝处贴嵌缝,刮腻子抹平\n3.参23J909 棚29","m2",370.25,null,31.31,11592.53]
[43,"011403001007","天棚油漆（污损石膏板吊顶）",null,"1.无机涂料一道","m2",58.72,null,6.76,396.95]
[44,"011403001008","天棚油漆（污损楼梯间顶棚粉刷）",null,"1.涂饰第二遍面层涂料\n2.涂饰第一遍面层涂料\n3.涂饰底层涂料\n4.参23J909 内涂1","m2",16.76,null,23.66,396.54]
[45,"011403003007","刮腻子（污损楼梯间顶棚粉刷）",null,"1.刷防潮涂料2道，横纵向各刷1道\n2.2厚耐水腻子找平,面板接缝处贴嵌缝,刮腻子抹平\n3.参23J909 棚29","m2",16.76,null,31.31,524.76]
[null,null,"其他工程",{"$nulls":6},4234.08]
[46,"011601001006","砖砌体拆除",null,"1.200mm厚砌体墙开门洞\n2.废料外运","m2",4.8,null,106.87,512.98]
["本页小计",{"$nulls":8},22183.88]
["分部分项工程项目清单计价表"]
["工程名称：松山湖材料实验室新材料研究中心新园区B1栋装修改造(第一批)项目",null,null,"标段：松山湖材料实验室新材料研究中心新园区B1栋装修改造(第一批)项目",{"$nulls":3},"第 8 页  共 17 页"]
["序号","项目编码","项目名称",null,"项目特征描述","计量\n单位","工程量",null,"金额（元）"]
[{"$nulls":8},"综合单价","合价"]
[47,"010607003002","钢过梁",null,"1.名称:镀锌方钢\n2.规格:100*100*6","t",0.07,null,6855.89,479.91]
[48,"011601001007","脚手架",null,"1.墙柱面活动脚手架","m2",804.22,null,2.47,1986.42]
[49,"011601001008","脚手架",null,"1.天棚活动脚手架","m2",211.24,null,5.94,1254.77]
[null,null,"松山湖材料实验室新材料研究中心新园区B1栋装修改造(第一批)项目-安装工程",{"$nulls":6},83623.2]
[null,null,"整个项目",{"$nulls":6},83623.2]
[null,null,"喷淋工程",{"$nulls":6},14884.36]
[50,"030901001004","水喷淋钢管",null,"1.名称:拆除内外热镀锌钢管\n2.规格:DN50","m",1.976,null,17.18,33.95]
[51,"030901001001","水喷淋钢管",null,"1.名称:拆除内外热镀锌钢管\n2.规格:DN40","m",31.426,null,14.78,464.48]
[52,"030901001002","水喷淋钢管",null,"1.名称:拆除内外热镀锌钢管\n2.规格:DN32","m",51.851,null,14.78,766.36]
[53,"030901001003","水喷淋钢管",null,"1.名称:拆除内外热镀锌钢管\n2.规格:DN25","m",101.6,null,13.21,1342.14]
[54,"030901001007","水喷淋钢管",null,"1.名称:重新安装内外热镀锌钢管(利旧)\n2.规格:DN40\n3.连接形式:螺纹连接","m",0.475,null,37.31,17.72]
[55,"030901001008","水喷淋钢管",null,"1.名称:重新安装内外热镀锌钢管(利旧)\n2.规格:DN32\n3.连接形式:螺纹连接","m",18.5,null,32.49,601.07]
["本页小计",{"$nulls":8},6946.82]
["分部分项工程项目清单计价表"]
["工程名称：松山湖材料实验室新材料研究中心新园区B1栋装修改造(第一批)项目",null,null,"标段：松山湖材料实验室新材料研究中心新园区B1栋装修改造(第一批)项目",{"$nulls":3},"第 9 页  共 17 页"]
["序号","项目编码","项目名称",null,"项目特征描述","计量\n单位","工程量",null,"金额（元）"]
[{"$nulls":8},"综合单价","合价"]
[56,"030901001009","水喷淋钢管",null,"1.名称:重新安装内外热镀锌钢管(利旧)\n2.规格:DN25\n3.连接形式:螺纹连接","m",28.7,null,30.67,880.23]
[57,"030901001010","水喷淋钢管",null,"1.名称:内外热镀锌钢管\n2.规格:DN50\n3.连接形式:螺纹连接","m",12.775,null,71.35,911.5]
[58,"030901001011","水喷淋钢管",null,"1.名称:内外热镀锌钢管\n2.规格:DN40\n3.连接形式:螺纹连接","m",14.544,null,59.89,871.04]
[59,"030901001012","水喷淋钢管",null,"1.名称:内外热镀锌钢管\n2.规格:DN32\n3.连接形式:螺纹连接","m",35.989,null,50.03,1800.53]
[60,"030901001013","水喷淋钢管",null,"1.名称:内外热镀锌钢管\n2.规格:DN25\n3.连接形式:螺纹连接","m",89.523,null,42.91,3841.43]
[61,"030901003001","水喷淋(雾)喷头",null,"1.名称:拆除水喷头\n2.规格:DN15","个",57,null,12.32,702.24]
[62,"030901003002","水喷淋(雾)喷头",null,"1.名称:重新安装水喷头(利旧)\n2.连接形式:螺纹连接","个",57,null,39,2223]
[63,"030901003003","水喷淋(雾)喷头",null,"1.名称:水喷头\n2.规格:DN15\n3.连接形式:螺纹连接","个",9,null,47.63,428.67]
[null,null,"电气工程",{"$nulls":6},44717.06]
["本页小计",{"$nulls":8},11658.64]
["分部分项工程项目清单计价表"]
["工程名称：松山湖材料实验室新材料研究中心新园区B1栋装修改造(第一批)项目",null,null,"标段：松山湖材料实验室新材料研究中心新园区B1栋装修改造(第一批)项目",{"$nulls":3},"第 10 页  共 17 页"]
["序号","项目编码","项目名称",null,"项目特征描述","计量\n单位","工程量",null,"金额（元）"]
[{"$nulls":8},"综合单价","合价"]
[64,"030402011001","配电箱",null,"1.名称:配电箱AL-BG1\n2.规格:370*370*120","台",6,null,507.76,3046.56]
[65,"030412001002","配管",null,"1.名称:JDG管\n2.规格:DN25","m",82.89,null,17.55,1454.72]
[66,"030412001001","配管",null,"1.名称:JDG管\n2.规格:DN20","m",511.55,null,13.03,6665.5]
[67,"030412007001","可挠性金属套管",null,"1.名称:可挠性金属套管\n2.规格:DN15","m",58,null,16,928]
[68,"030502003001","双绞线缆",null,"1.名称:UTP六类线\n2.敷设方式:综合考虑","m",902,null,3.54,3193.08]
[69,"030412004001","配线",null,"1.名称:绝缘电线\n2.规格:BV-4","m",129.05,null,4.87,628.47]
[70,"030412004002","配线",null,"1.名称:绝缘电线\n2.规格:BV-6","m",46.11,null,6.59,303.86]
[71,"030412004003","配线",null,"1.名称:绝缘电线\n2.规格:WDZB-BYJ-2.5","m",1470.77,null,4.24,6236.06]
[72,"030412004004","配线",null,"1.名称:绝缘导线\n2.规格:ZR-RJS-4*1.5","m",43.49,null,9.07,394.45]
[73,"030412004005","配线",null,"1.名称:绝缘导线\n2.规格:WDZAN-RJS-2*1.5","m",36.75,null,7.17,263.5]
["本页小计",{"$nulls":8},23114.2]
["分部分项工程项目清单计价表"]
["工程名称：松山湖材料实验室新材料研究中心新园区B1栋装修改造(第一批)项目",null,null,"标段：松山湖材料实验室新材料研究中心新园区B1栋装修改造(第一批)项目",{"$nulls":3},"第 11 页  共 17 页"]
["序号","项目编码","项目名称",null,"项目特征描述","计量\n单位","工程量",null,"金额（元）"]
[{"$nulls":8},"综合单价","合价"]
[74,"030413003003","LED灯带",null,"1.名称:LED灯带\n2.规格:4W","m",224.15,null,12.33,2763.77]
[75,"030413003002","拆除嵌入式LED筒灯",null,"1.名称:拆除嵌入式LED筒灯\n2.规格:12W 1200LM 5000K","套",13,null,9.86,128.18]
[76,"030413003001","嵌入式LED筒灯(利旧)",null,"1.名称:嵌入式LED筒灯(利旧)\n2.规格:12W 1200LM 5000K","套",6,null,35.25,211.5]
[77,"030413003004","LED灯盘",null,"1.名称:LED灯盘\n2.规格:1200*300\n3.功率:50W 5000lm 5000K","套",47,null,189.99,8929.53]
[78,"030413003005","LED灯盘",null,"1.名称:LED灯盘\n2.规格:600*600\n3.功率:24W 2400lm 5000K","套",3,null,137.58,412.74]
[79,"030413003006","嵌入式LED筒灯",null,"1.名称:嵌入式LED筒灯\n2.规格:12W 1200lm 5000K","套",2,null,65.68,131.36]
[80,"030413014001","插座",null,"1.名称:单相二、三孔安全型插座\n2.规格:220V 10A","套",55,null,23.25,1278.75]
[81,"030502010001","综合布线数据点",null,"1.名称:综合布线数据点\n2.规格:双口","个",8,null,61.48,491.84]
[82,"030413013006","四联单控开关",null,"1.名称:四联单控开关\n2.规格:220V 10A","套",4,null,34.05,136.2]
["本页小计",{"$nulls":8},14483.87]
["分部分项工程项目清单计价表"]
["工程名称：松山湖材料实验室新材料研究中心新园区B1栋装修改造(第一批)项目",null,null,"标段：松山湖材料实验室新材料研究中心新园区B1栋装修改造(第一批)项目",{"$nulls":3},"第 12 页  共 17 页"]
["序号","项目编码","项目名称",null,"项目特征描述","计量\n单位","工程量",null,"金额（元）"]
[{"$nulls":8},"综合单价","合价"]
[83,"030413013005","三联单控开关",null,"1.名称:三联单控开关\n2.规格:220V 10A","套",4,null,28.18,112.72]
[84,"030413013007","单联单控开关",null,"1.名称:单联单控开关\n2.规格:220V 10A","套",5,null,22.56,112.8]
[85,"030413013009","调速开关",null,"1.名称:调速开关","套",2,null,86.8,173.6]
[86,"030904001002","感烟探测器",null,"1.名称:感烟探测器","个",9,null,80.2,721.8]
[87,"030413013001","拆除三联单控开关",null,"1.名称:拆除三联单控开关","套",6,null,5.02,30.12]
[88,"030413013002","拆除四联单控开关",null,"1.名称:拆除四联单控开关","套",5,null,5.02,25.1]
[89,"030904001003","拆除感烟探测器",null,"1.名称:拆除感烟探测器","个",18,null,15.46,278.28]
[90,"030413013010","拆除调速开关",null,"1.名称:拆除调速开关","套",7,null,4.27,29.89]
[91,"030413013003","四联单控开关(利旧)",null,"1.名称:四联单控开关(利旧)\n2.规格:220V 10A","套",6,null,16.02,96.12]
[92,"030413013004","三联单控开关(利旧)",null,"1.名称:三联单控开关(利旧)\n2.规格:220V 10A","套",5,null,15.7,78.5]
[93,"030904001001","感烟探测器(利旧)",null,"1.名称:感烟探测器(利旧)","个",18,null,50.2,903.6]
[94,"030413013008","调速开关(利旧)",null,"1.名称:调速开关(利旧)","套",7,null,14.58,102.06]
[95,"031301001001","凿槽",null,"1.名称:凿槽及修复\n2.规格:70*70","m",113.1,null,27.85,3149.84]
[96,"030412006001","接线盒",null,"1.名称:接线盒","个",61,null,9.6,585.6]
[97,"030412006002","开关(插座)盒",null,"1.名称:开关(插座)盒","个",76,null,9.46,718.96]
[null,null,"空调工程",{"$nulls":6},24021.78]
["本页小计",{"$nulls":8},7118.99]
["分部分项工程项目清单计价表"]
["工程名称：松山湖材料实验室新材料研究中心新园区B1栋装修改造(第一批)项目",null,null,"标段：松山湖材料实验室新材料研究中心新园区B1栋装修改造(第一批)项目",{"$nulls":3},"第 13 页  共 17 页"]
["序号","项目编码","项目名称",null,"项目特征描述","计量\n单位","工程量",null,"金额（元）"]
[{"$nulls":8},"综合单价","合价"]
[98,"030701004003","风机盘管",null,"1.名称:暗藏天花式风管式室内机SN-4.5\n2.规格:制冷量:4.5Kw,制热量:5.0Kw,风量:570m³/h,功率:104w,机外静压:80Pa,噪音:32dB(A)","台",2,null,1490.61,2981.22]
[99,"030701004001","天花式风管式(利旧）",null,"1.名称:天花式风管式(利旧）","台",6,null,274.68,1648.08]
[100,"030701004002","天花式风管式(拆除）",null,"1.名称:天花式风管式(拆除）","台",6,null,51.71,310.26]
[101,"030702001005","碳钢通风管道",null,"1.名称:镀锌薄钢板风管\n2.材质:镀锌薄钢板\n3.形状:矩形\n4.规格:长边长（mm)≤1000\n5.板材厚度:δ=0.6mm\n6.含风管及支架除锈、刷油\n7.含保温\n8.其他:满足图纸设计及施工规范要求","m2",11.12,null,122.44,1361.53]
[102,"030702001003","碳钢通风管道",null,"1.名称:镀锌薄钢板风管\n2.材质:镀锌薄钢板\n3.形状:矩形\n4.规格:长边长（mm)≤1000\n5.板材厚度:δ=0.75mm\n6.含风管及支架除锈、刷油\n7.含保温\n8.其他:满足图纸设计及施工规范要求","m2",22.1,null,127.75,2823.28]
["本页小计",{"$nulls":8},9124.37]
["分部分项工程项目清单计价表"]
["工程名称：松山湖材料实验室新材料研究中心新园区B1栋装修改造(第一批)项目",null,null,"标段：松山湖材料实验室新材料研究中心新园区B1栋装修改造(第一批)项目",{"$nulls":3},"第 14 页  共 17 页"]
["序号","项目编码","项目名称",null,"项目特征描述","计量\n单位","工程量",null,"金额（元）"]
[{"$nulls":8},"综合单价","合价"]
[103,"030702001004","碳钢通风管道",null,"1.名称:镀锌薄钢板风管\n2.材质:镀锌薄钢板\n3.形状:矩形\n4.规格:长边长（mm)≤1250\n5.板材厚度:δ=1mm\n6.含风管及支架除锈、刷油\n7.含保温\n8.其他:满足图纸设计及施工规范要求","m2",32.81,null,152.75,5011.73]
[104,"030702001006","拆除通风管道",null,"1.名称:拆除通风管道\n2.周长:800mm以下","m2",32.46,null,18.66,605.7]
[105,"030702001001","拆除通风管道",null,"1.名称:拆除通风管道\n2.周长:2000mm以下","m2",1.52,null,13.58,20.64]
[106,"030702001007","拆除通风管道",null,"1.名称:拆除通风管道\n2.周长:4000mm以下","m2",62.41,null,10.22,637.83]
[107,"030703007006","门铰式回风百叶",null,"1.名称:门铰式回风百叶\n2.规格:1000*300","个",1,null,253.17,253.17]
[108,"030703007009","门铰式回风百叶",null,"1.名称:门铰式回风百叶\n2.规格:1200*200","个",1,null,234.06,234.06]
[109,"030703007007","门铰式回风百叶",null,"1.名称:门铰式回风百叶\n2.规格:1200*300","个",5,null,272.29,1361.45]
[110,"030703007008","门铰式回风百叶",null,"1.名称:门铰式回风百叶\n2.规格:600*300","个",2,null,147.19,294.38]
["本页小计",{"$nulls":8},8418.96]
["分部分项工程项目清单计价表"]
["工程名称：松山湖材料实验室新材料研究中心新园区B1栋装修改造(第一批)项目",null,null,"标段：松山湖材料实验室新材料研究中心新园区B1栋装修改造(第一批)项目",{"$nulls":3},"第 15 页  共 17 页"]
["序号","项目编码","项目名称",null,"项目特征描述","计量\n单位","工程量",null,"金额（元）"]
[{"$nulls":8},"综合单价","合价"]
[111,"030703007013","双层百叶风口",null,"1.名称:双层百叶风口\n2.规格:1000*200","个",5,null,178.9,894.5]
[112,"030703007014","双层百叶风口",null,"1.名称:双层百叶风口\n2.规格:1200*200","个",4,null,221.67,886.68]
[113,"030703007015","双层百叶风口",null,"1.名称:双层百叶风口\n2.规格:600*200","个",2,null,121,242]
[114,"030703007016","双层百叶风口",null,"1.名称:双层百叶风口\n2.规格:600*300","个",2,null,137.46,274.92]
[115,"030703007017","方形散流器",null,"1.名称:方形散流器\n2.规格:300*300","个",8,null,97.51,780.08]
[116,"030703007003","门铰式回风百叶(利旧）",null,"1.名称:门铰式回风百叶(利旧）\n2.规格:1000*300","个",1,null,139.9,139.9]
[117,"030703007002","门铰式回风百叶(利旧）",null,"1.名称:门铰式回风百叶(利旧）\n2.规格:600*250","个",3,null,72.15,216.45]
[118,"030703007001","门铰式回风百叶(利旧）",null,"1.名称:门铰式回风百叶(利旧）\n2.规格:800*200","个",2,null,108.1,216.2]
[119,"030703007010","双层百叶风口(利旧）",null,"1.名称:双层百叶风口(利旧）\n2.规格:1200*200","个",1,null,139.9,139.9]
["本页小计",{"$nulls":8},3790.63]
["分部分项工程项目清单计价表"]
["工程名称：松山湖材料实验室新材料研究中心新园区B1栋装修改造(第一批)项目",null,null,"标段：松山湖材料实验室新材料研究中心新园区B1栋装修改造(第一批)项目",{"$nulls":3},"第 16 页  共 17 页"]
["序号","项目编码","项目名称",null,"项目特征描述","计量\n单位","工程量",null,"金额（元）"]
[{"$nulls":8},"综合单价","合价"]
[120,"030703007011","双层百叶风口(利旧）",null,"1.名称:双层百叶风口(利旧）\n2.规格:600*200","个",1,null,72.15,72.15]
[121,"030703007012","双层百叶风口(利旧）",null,"1.名称:双层百叶风口(利旧）\n2.规格:800*200","个",3,null,108.1,324.3]
[122,"030703007005","门铰式回风百叶(拆除)",null,"1.名称:门铰式回风百叶(拆除)\n2.周长:6400mm以下","个",2,null,128.26,256.52]
[123,"030703007004","门铰式回风百叶(拆除)",null,"1.名称:门铰式回风百叶(拆除)\n2.周长:2500mm以下","个",9,null,22.11,198.99]
[124,"030702001008","磷脱氧无缝拉制紫铜管(拆除)",null,"1.名称:磷脱氧无缝拉制紫铜管(拆除)\n2.规格:12.7/6.4","m",32.52,null,14.78,480.65]
[125,"031001002002","热镀锌钢管(拆除)",null,"1.名称:热镀锌钢管(拆除)\n2.规格:DN25","m",25.58,null,15.03,384.47]
[126,"031001002001","热镀锌钢管",null,"1.名称:热镀锌钢管\n2.规格:DN25\n3.含保温\n4.连接形式:螺纹连接","m",9.42,null,41.32,389.23]
[127,"030702001009","磷脱氧无缝拉制紫铜管",null,"1.名称:磷脱氧无缝拉制紫铜管\n2.含保温\n3.规格:12.7","m",10.08,null,38.01,383.14]
[128,"030702001010","磷脱氧无缝拉制紫铜管",null,"1.名称:磷脱氧无缝拉制紫铜管\n2.含保温\n3.规格:6.4","m",10.08,null,19.68,198.37]
["本页小计",{"$nulls":8},2687.82]
["分部分项工程项目清单计价表"]
["工程名称：松山湖材料实验室新材料研究中心新园区B1栋装修改造(第一批)项目",null,null,"标段：松山湖材料实验室新材料研究中心新园区B1栋装修改造(第一批)项目",{"$nulls":3},"第 17 页  共 17 页"]
["合计",{"$nulls":8},387709.09]

{"sheet":"E.3.1 措施项目清单计价表","index":3,"n_rows":36,"n_cols":8,"rows_kept":36,"merged":[[0,0,0,7],[1,0,1,1],[1,2,1,4],[1,5,1,7],[2,1,2,2],[2,4,2,5],[3,1,3,2],[3,4,3,5],[4,1,4,2],[4,4,4,5],[5,1,5,2],[5,4,5,5],[6,1,6,2],[6,4,6,5],[7,1,7,2],[7,4,7,5],[8,1,8,2],[8,4,8,5],[9,1,9,2],[9,4,9,5],[10,1,10,2],[10,4,10,5],[11,1,11,2],[11,4,11,5],[12,1,12,2],[12,4,12,5],[13,1,13,2],[13,4,13,5],[14,1,14,2],[14,4,14,5],[15,1,15,2],[15,4,15,5],[16,1,16,2],[16,4,16,5],[17,1,17,2],[17,4,17,5],[18,1,18,2],[18,4,18,5],[19,1,19,2],[19,4,19,5],[20,1,20,2],[20,4,20,5],[21,1,21,2],[21,4,21,5],[22,1,22,2],[22,4,22,5],[23,1,23,2],[23,4,23,5],[24,1,24,2],[24,4,24,5],[25,1,25,2],[25,4,25,5],[26,1,26,2],[26,4,26,5],[27,1,27,2],[27,4,27,5],[28,1,28,2],[28,4,28,5],[29,1,29,2],[29,4,29,5],[30,1,30,2],[30,4,30,5],[31,1,31,2],[31,4,31,5],[32,1,32,2],[32,4,32,5],[33,0,33,5],[34,0,34,5],[35,0,35,7]]}
["措施项目清单计价表"]
["工程名称：松山湖材料实验室新材料研究中心新园区B1栋装修改造(第一批)项目",null,"标段：松山湖材料实验室新材料研究中心新园区B1栋装修改造(第一批)项目",null,null,"第 1 页  共 1 页"]
["序号","项目编码",null,"项 目 名 称","工作内容",null,"价格\n（元）","备注"]
["1",null,null,"措施项目",null,null,45138.33]
["1.1","WMSGCS001001",null,"文明施工",null,null,5859.7]
["1.2","HJBHCS001001",null,"环境保护",null,null,5327]
["1.3","LSSSCS001001",null,"临时设施",null,null,6925.11]
["1.4","AQSCCS001001",null,"安全生产",null,null,16247.35]
["1.5","011601002002",null,"垂直运输",null,null,10779.17]
{"$rows_empty":24}
["本页小计",{"$nulls":5},45138.33]
["合计",{"$nulls":5},45138.33,"-"]
["注:措施项目清单费用构成详见本标准表E.3.2，大型机械进出场及安拆费用组成见本标准表E.3.4。"]

{"sheet":"E.4.1 其他项目清单计价表","index":4,"n_rows":38,"n_cols":8,"rows_kept":38,"merged":[[0,0,0,7],[1,0,1,1],[1,2,1,5],[1,6,1,7],[2,1,2,2],[2,5,2,6],[3,1,3,2],[3,5,3,6],[4,1,4,2],[4,5,4,6],[5,1,5,2],[5,5,5,6],[6,1,6,2],[6,5,6,6],[7,1,7,2],[7,5,7,6],[8,1,8,2],[8,5,8,6],[9,1,9,2],[9,5,9,6],[10,1,10,2],[10,5,10,6],[11,1,11,2],[11,5,11,6],[12,1,12,2],[12,5,12,6],[13,1,13,2],[13,5,13,6],[14,1,14,2],[14,5,14,6],[15,1,15,2],[15,5,15,6],[16,1,16,2],[16,5,16,6],[17,1,17,2],[17,5,17,6],[18,1,18,2],[18,5,18,6],[19,1,19,2],[19,5,19,6],[20,1,20,2],[20,5,20,6],[21,1,21,2],[21,5,21,6],[22,1,22,2],[22,5,22,6],[23,1,23,2],[23,5,23,6],[24,1,24,2],[24,5,24,6],[25,1,25,2],[25,5,25,6],[26,1,26,2],[26,5,26,6],[27,1,27,2],[27,5,27,6],[28,1,28,2],[28,5,28,6],[29,1,29,2],[29,5,29,6],[30,1,30,2],[30,5,30,6],[31,1,31,2],[31,5,31,6],[32,1,32,2],[32,5,32,6],[33,1,33,2],[33,5,33,6],[34,1,34,2],[34,5,34,6],[35,1,35,2],[35,5,35,6],[36,1,36,2],[36,5,36,6],[37,0,37,2],[37,5,37,6]]}
["其他项目清单计价表"]
["工程名称：松山湖材料实验室新材料研究中心新园区B1栋装修改造(第一批)项目",null,"标段：松山湖材料实验室新材料研究中心新园区B1栋装修改造(第一批)项目",{"$nulls":3},"第 1 页  共 1 页"]
["序号","项目名称",null,"暂估（暂定）金额（元）","结算（确定）金额（元）","调整金额±\n（元）",null,"备注"]
["1","暂列金额"]
["2","专业工程暂估价"]
["3","计日工"]
["4","总承包服务费"]
["5","合同中约定的其他项目"]
{"$rows_empty":29}
["合    计",{"$nulls":6},"-"]

{"sheet":"E.5.1 增值税计价表","index":5,"n_rows":35,"n_cols":11,"rows_kept":35,"merged":[[0,0,0,7],[0,8,0,10],[1,0,1,10],[2,0,2,3],[2,4,2,7],[2,8,2,10],[3,0,3,1],[3,2,3,4],[3,5,3,6],[3,7,3,8],[4,0,4,1],[4,2,4,4],[4,5,4,6],[4,7,4,8],[5,0,5,1],[5,2,5,4],[5,5,5,6],[5,7,5,8],[6,0,6,1],[6,2,6,4],[6,5,6,6],[6,7,6,8],[7,0,7,1],[7,2,7,4],[7,5,7,6],[7,7,7,8],[8,0,8,1],[8,2,8,4],[8,5,8,6],[8,7,8,8],[9,0,9,1],[9,2,9,4],[9,5,9,6],[9,7,9,8],[10,0,10,1],[10,2,10,4],[10,5,10,6],[10,7,10,8],[11,0,11,1],[11,2,11,4],[11,5,11,6],[11,7,11,8],[12,0,12,1],[12,2,12,4],[12,5,12,6],[12,7,12,8],[13,0,13,1],[13,2,13,4],[13,5,13,6],[13,7,13,8],[14,0,14,1],[14,2,14,4],[14,5,14,6],[14,7,14,8],[15,0,15,1],[15,2,15,4],[15,5,15,6],[15,7,15,8],[16,0,16,1],[16,2,16,4],[16,5,16,6],[16,7,16,8],[17,0,17,1],[17,2,17,4],[17,5,17,6],[17,7,17,8],[18,0,18,1],[18,2,18,4],[18,5,18,6],[18,7,18,8],[19,0,19,1],[19,2,19,4],[19,5,19,6],[19,7,19,8],[20,0,20,1],[20,2,20,4],[20,5,20,6],[20,7,20,8],[21,0,21,1],[21,2,21,4],[21,5,21,6],[21,7,21,8],[22,0,22,1],[22,2,22,4],[22,5,22,6],[22,7,22,8],[23,0,23,1],[23,2,23,4],[23,5,23,6],[23,7,23,8],[24,0,24,1],[24,2,24,4],[24,5,24,6],[24,7,24,8],[25,0,25,1],[25,2,25,4],[25,5,25,6],[25,7,25,8],[26,0,26,1],[26,2,26,4],[26,5,26,6],[26,7,26,8],[27,0,27,1],[27,2,27,4],[27,5,27,6],[27,7,27,8],[28,0,28,1],[28,2,28,4],[28,5,28,6],[28,7,28,8],[29,0,29,1],[29,2,29,4],[29,5,29,6],[29,7,29,8],[30,0,30,1],[30,2,30,4],[30,5,30,6],[30,7,30,8],[31,0,31,1],[31,2,31,4],[31,5,31,6],[31,7,31,8],[32,0,32,1],[32,2,32,4],[32,5,32,6],[32,7,32,8],[33,0,33,1],[33,2,33,4],[33,5,33,6],[33,7,33,8],[34,0,34,9]]}
[]
["增值税计价表"]
["工程名称：松山湖材料实验室新材料研究中心新园区B1栋装修改造(第一批)项目",{"$nulls":3},"标段：松山湖材料实验室新材料研究中心新园区B1栋装修改造(第一批)项目",{"$nulls":3},"第 1 页 共 1 页"]
["序号",null,"项目名称",null,null,"计算基础说明",null,"计算基础",null,"税率（%）","金额（元）"]
[1,null,"增值税",null,null,"分部分项工程费+措施项目费+其他项目费-其中：专业工程暂估价",null,432847.42,null,"9",38956.27]
{"$rows_empty":29}
["合计",{"$nulls":9},38956.27]